000 00388cam a2200169ua 4500
001 10065
008 141112n1993 II |||gr||||Z||||||asm
040 _aMAIN
041 _aEnglish
082 _a891.451 DUT
100 _aDUTTA, HIRONMOYEE.
245 _aAAKANIR NAT
260 _aKOLKATA
_bNABAPATRA PRAKASHAN
_c1993
300 _a15.:
_c20CM.
653 _aAsomiya Natak
942 _cBK
999 _c10036
_d10036